[Event "Hyderabad WIPRO"]
[Site "Hyderabad"]
[Date "2000.07.18"]
[Round "3"]
[White "Prasad, Devaki V"]
[Black "Ionov, Sergey"]
[Result "1/2-1/2"]
[WhiteElo "2431"]
[BlackElo "2542"]
[Annotator "Gofshtein,L"]
[PlyCount "70"]
[EventDate "2000.07.16"]
[EventType "tourn"]
[EventRounds "11"]
[EventCountry "IND"]
[EventCategory "10"]
[SourceTitle "CBM 079"]
[Source "ChessBase"]
[SourceDate "2000.11.21"]
[SourceVersion "1"]
[SourceVersionDate "2000.11.21"]
[SourceQuality "1"]

1. e4 c5 2. Nf3 d6 3. d4 cxd4 4. Nxd4 Nf6 5. Nc3 Nc6 6. Bg5 e6 7. Qd2 Qb6 8.
Nb3 Be7 9. Bxf6 Bxf6 10. Qxd6 Be5 11. Qc5 (11. Qd2 $6 $132 {see comments to
the game 1/2-1/2 Bologan,V-Avrukh,B/Biel 1999/CBM 72 (45) [Tsesarsky]}) 11...
Qxc5 12. Nxc5 Ke7 13. Bb5 Nd4 14. O-O-O Rd8 15. Nb3 (15. Bf1 {see commented
game 1/2-1/2 Nijboer,F-Avrukh,B/Wijk aan Zee 2000/CBM 75 (104) [Gofshtein,L]})
15... Nxb5 16. Nxb5 Bd7 17. N5d4 Rac8 18. g3 Be8 $14 {In my opinion, Black has
only particular compensation for sacrificed P. This novelty doesn't change
nothing. Nevertheless, it is very difficult for White to increase his small
advantage.} (18... Rc4 19. c3 $14 {see comments to the game 1/2-1/2 Khalifman,
A-Avrukh,B/St Petersburg 1999/CBM 72 (67) [Tsesarsky]}) 19. Rd3 Bc7 20. Rhd1
Bb6 21. c3 g6 22. e5 (22. f4 $14) 22... g5 $1 23. f4 (23. Kd2 f6 24. exf6+ Kxf6
25. Re1 Bf7 26. Rf3+ Ke7 27. Re4 $14) 23... h6 24. Na1 $6 {[%csl Gc5] useless
monouevre.} (24. Kd2 $142 gxf4 25. gxf4 f6 26. Rg1 fxe5 27. fxe5 Bf7 28. Rg7
Rg8 29. Rdg3 Rxg7 30. Rxg7 Rg8 31. Rxg8 Bxg8 32. Ke3 $14 {and white K can
defend Pe5.}) 24... gxf4 25. gxf4 f6 $1 {[%csl Re5] Black opens positions for
his pair of BB.} 26. Nac2 $6 $11 ({It was correct for white to accept the
mistake of 24-th move and to move back the knight:} 26. Nab3 $142 $1 {White
lost 2 tempi, but despite of this fact keeps good position:} fxe5 27. fxe5 Bh5
28. Rg1 Rg8 29. Rdg3 Rxg3 30. Rxg3 Rf8 31. Rg7+ Rf7 32. Rxf7+ Kxf7 33. Nd2 $14)
26... fxe5 27. fxe5 Rc5 {If N remains on b3, this move has been impossible.}
28. Rh3 (28. Re1 Bc7 {[%csl Re5]} 29. Rde3 a5 $44) 28... h5 29. Nf3 Rxd1+ 30.
Kxd1 Bc7 31. Kd2 {White can't keep material advantage...} (31. Ncd4 Bxe5 32.
Nxe5 Rxe5 $11) 31... Bxe5 32. Nxe5 Rxe5 33. Re3 Rd5+ 34. Rd3 Rf5 35. Ke3 Rf1
1/2-1/2

[Event "Groningen Harmonie"]
[Site "Groningen"]
[Date "2003.12.27"]
[Round "6"]
[White "Kurnosov, Igor"]
[Black "Ernst, Sipke"]
[Result "1-0"]
[WhiteElo "2527"]
[BlackElo "2474"]
[Annotator "Gofshtein,L"]
[PlyCount "39"]
[EventDate "2003.12.21"]
[EventType "tourn"]
[EventRounds "9"]
[EventCountry "NED"]
[EventCategory "10"]
[SourceTitle "CBM 099"]
[Source "ChessBase"]
[SourceDate "2004.03.30"]
[SourceVersion "1"]
[SourceVersionDate "2004.03.30"]
[SourceQuality "1"]

1. e4 c5 2. Nf3 d6 3. d4 cxd4 4. Nxd4 Nf6 5. Nc3 Nc6 6. Bg5 Qb6 {Similar
position occur also after 6...e6 7.Qd2 Qb6} 7. Nb3 e6 8. Bxf6 gxf6 {Black has
a pair of bishops as a compensation for the corrupted pawn structure} 9. Qd2 a6
10. O-O-O h5 {[%cal Rf8h6] A typical move in these positions, black defends
against Bf1-e2-h5 and sometimes is threatening Bf8-h6} 11. f4 Bd7 12. Be2 (12.
g3 O-O-O 13. Kb1 Kb8 14. Be2 h4 $132 {0-1 Korneev,O-Vasiukov,E/Elista 1995/CBM
50 (48)}) 12... Rc8 $5 $146 {[%mdl 8] Black tries to get counterplay on the
queenside. 12...0-0-0 was met before, trying to bring the king to safety at
the first place} (12... O-O-O $5 13. Bf3 (13. Rhf1 $5 {with idea Rf1-f3-h3}) (
13. Rhf1 {[%cal Rf2f3,Rf3h3,Rf3d3]} Kb8 (13... Na5 14. Kb1 Nxb3 15. axb3 Kb8
16. f5 Be7 17. Qd3 Qc5 18. Qh3 {1-0 Beliavsky,A-Ivanov,A/Ashkhabad 1978/MCL 
(43)}) 14. Kb1 Be7 15. Rf3 $5 $36 {1-0 Yudasin,L-Paschall,W/New York 2003/CBM
95/[Gofshtein,L] (28)} (15. Bf3 Na5 16. Nxa5 Qxa5 17. Ne2 Qxd2 18. Rxd2 $132 {
1-0 Nevednichy,V-Atalik,S/Bucharest 1995/CBM 48 (80)})) 13... Ne5 14. Be2 Kb8
15. Kb1 Nc6 16. Rhf1 {[%cal Yf1f3,Yf3h3,Yh3h5]} h4 $132 {1-0 Tiviakov,
S-Conquest,S/Saint Vincent 2000/CBM 78/[Gofshtein,L] (51)}) 13. Kb1 Na5 14. e5
$5 Nxb3 15. axb3 Bc6 $5 {Activizing the bishop. 15...fe 16.fe d5 also deserved
attention, recieving a good play} (15... fxe5 $5 16. fxe5 d5 {[%cal Rb6d8,
Rd8e7]} 17. Qf4 (17. Rhf1 Qd8) 17... Qb4 $132) 16. f5 $6 {White wants to have
the initiative by any cost. In this game this tactic worked perfectly for him.
16.exf6 deserved attention} (16. exf6 $5 Bxg2 17. Rhg1 Bh3 18. Bf3 $13) (16.
exd6 $6 Rd8) 16... dxe5 {16...fxe5 was dangerous, white got a serious
initiative in this case} (16... fxe5 17. fxe6 fxe6 18. Qg5 Be7 19. Bxh5+ Kd7
20. Qxe5 $36) 17. fxe6 fxe6 18. Qd3 {[%cal Rd3g6,Rd3h3] Activizing the queen
and tries to put problems to black} Kf7 $5 {Black has another defence as well
- 18...Qc7 bringing the queen closer to the king. It seems that black has
enough resources for the defence} (18... Qc7 $5 19. Rhf1 Qf7 (19... f5 20. Rxf5
exf5 21. Qxf5 Rh6 22. Bxh5+ Rxh5 23. Qxh5+ Qf7 24. Qxe5+ Be7 25. Qh8+ Qf8 26.
Qh5+ Qf7 $11) 20. Ne4 (20. Bf3 Bxf3 21. Qxf3 f5 22. Ne4 Qg6 23. Qd3 Rh7 24.
Nd6+ Bxd6 25. Qxd6 Qf6) 20... Bxe4 21. Qxe4 $13) 19. Qh3 Qf2 $4 {[%mdl 8192]
Black commites a severe mistake and loses the game at once} (19... h4 $5 20.
Bg4 Re8) (19... f5 $5) 20. Rhf1 {[%cal Re2h5] Black probably missed that 20...
Qg2 would be answered by 21.Rd7} (20. Rhf1 Qxg2 (20... Bxg2 21. Qxh5+ Rxh5 22.
Bxh5+ Ke7 23. Rxf2 $18) (20... Qc5 21. Bxh5+ Ke7 22. Rxf6 Kxf6 23. Qh4+ $18)
21. Rd7+ Be7 22. Bxh5+ $18) 1-0

[Event "Moscow Aeroflot op-A"]
[Site "Moscow"]
[Date "2004.02.21"]
[Round "5"]
[White "Malakhov, Vladimir"]
[Black "Dvoirys, Semen I"]
[Result "0-1"]
[WhiteElo "2700"]
[BlackElo "2594"]
[Annotator "Gofshtein,L"]
[PlyCount "60"]
[EventDate "2004.02.17"]
[EventType "swiss"]
[EventRounds "9"]
[EventCountry "RUS"]
[SourceTitle "CBM 100"]
[Source "ChessBase"]
[SourceDate "2004.06.01"]
[SourceVersion "1"]
[SourceVersionDate "2004.06.01"]
[SourceQuality "1"]

1. Nf3 {[%mdl 4]} c5 2. e4 Nc6 3. Nc3 d6 4. d4 cxd4 5. Nxd4 Nf6 6. Bg5 Qb6 {
Black throws the white knight from the centre and continues developing after it
} 7. Nb3 e6 8. Qd2 {Other moves have been tried as well, usually it led to a
good counterplay for black} (8. Bd3 Be7 9. O-O O-O 10. Kh1 Qc7 11. Qe2 a6 12.
f4 b5 13. Rae1 Bb7 14. Qf3 Nb4 15. Qh3 Nxd3 16. cxd3 Rac8 17. Nd4 Ne8 18. Bxe7
Qxe7 $14 {Yudasin,L-Smirin,I/Moscow PCA-op 25' (07) 1994/1/2-1/2 (62)}) (8. Be2
Be7 9. Bxf6 gxf6 10. Bh5 Bd7 11. Qd2 Na5 12. O-O Nxb3 13. axb3 Qc5 14. Qe2 a6
15. Kh1 Rg8 16. f4 Rg7 17. f5 O-O-O $132 {1/2-1/2 Arencibia,W-Alvarez,J/CUB-ch
(05) ;EXP 46 1995 (40)}) (8. Bxf6) (8. Bxf6 gxf6 9. Qd2 a6 10. O-O-O Bd7 11. f4
h5 12. g3 O-O-O 13. Kb1 Kb8 14. Be2 h4 $132 {0-1 Korneev,O-Vasiukov,E/Elista
1995/CBM 50 (48)}) 8... Be7 {Black can also continue developing the queenside
not fearing the doubling of the pawns, for example:} (8... a6 9. Be2 (9. Rd1
Be7 10. Be2 Qc7 11. O-O b5 12. a3 Bb7 13. f4 Rd8 14. f5 O-O $10 {0-1
Szigetvari,J-Shtirberg,S/Kecskemet op (02) 1991 (39)}) 9... Bd7 10. O-O Be7 11.
Rad1 O-O 12. Kh1 Rad8 13. Bxf6 gxf6 14. Qh6 Kh8 15. Bd3 Ne5 16. f4 Ng6 17. f5
Ne5 18. Be2 Rg8 $10 {0-1 Kholmov,R-Vasiukov,E/Moscow op (04) ;EXP 46 1995 (40)}
) 9. f3 $5 {White prepares the advance of the pawns on the kingside, other
moves usually lead just to a diffierent move order} (9. O-O-O O-O 10. f3 Rd8
11. Kb1 a6 (11... Qc7 12. h4 a6 13. h5 h6 14. Bh4 b5 15. g4 Ne5 16. Qf2 b4 17.
Na4 Rb8 $132 {0-1 Kornev,A-Belikov,V/Moscow op2 (06) ;EXP 50 1995 (40)}) 12.
Be3 Qc7 13. Qf2 Nd7 14. g4 b5 15. h4 Nce5 16. g5 Rb8 17. h5 b4 18. Ne2 Nc4 $132
{0-1 Arakhamia,K-Levin,F/Bad Woerishofen op (07) ;EXP 47 1995 (37)}) 9... O-O (
9... a6 10. O-O-O Qc7 11. Bf4 Ne5 $132 {0-1 Ginzburg,M-Marcussi,B/Buenos Aires
1991/EXT 2004 (35)}) 10. Be3 {10.g4 is just another move order, for example:} (
10. g4 Rd8 11. Be3 Qc7 12. g5 Nd7 13. O-O-O a6 14. h4 $132 {0-1 Xie Jun-Polgar,
Z/Jaen 1996/CBM 52/[Boensch,U] (33)}) 10... Qc7 11. Qf2 {White loses a tempi
in order to stop 11...a6 which would be met by 12.Bb6. After 11.g4 the game
would have transposed to the usual lines, for example:} (11. g4 a6 12. g5 Nd7
13. h4 b5 $132 {1-0 McDonald,N-Gufeld,E/Hastings 1988/EXT 97 (37)}) 11... d5 $5
{[%mdl 512] Black tries to open the game and to take advantage of his better
development} 12. exd5 Nb4 $5 {An interesting idea. Black isn't satisfied with
the quiet 12...Nd5 and is trying to seize the initiative} (12... Nxd5 13. Nxd5
exd5 14. O-O-O Be6 15. Kb1 $14) 13. dxe6 Bxe6 14. Nd4 {[%cal Rd4e6] White
tries to exchange black's dangerous bishop} (14. O-O-O Nxa2+ 15. Nxa2 Bxb3 $132
) (14. a3 Bxb3 15. cxb3 Nbd5 $44) 14... Rad8 $5 {[%cal Rd8d4] Black simply
brings pieces to play and is undermining white's development} 15. a3 {It's not
easy for white to finish his development, for example:} (15. Bb5 a6 16. Ba4 Bc4
17. a3 Nbd5 18. Nxd5 Nxd5 $36) (15. Nxe6 fxe6 16. Qe2 Nfd5 $36) 15... Nbd5 16.
Nxe6 (16. Nxd5 Nxd5 17. Bd2 Bc5 $44) 16... fxe6 17. Nxd5 Nxd5 18. Bd3 (18.
O-O-O Nxe3 19. Qxe3 Qb6 $1 20. Qe1 Bg5+ 21. Kb1 Bf6 $36) 18... Qe5 $5 {Black
continues to put up pressure} 19. Be4 $8 Nf6 20. Qh4 {After 20.Qg3 white is
also losing material} (20. Qg3 Qxb2 21. O-O Nxe4 22. fxe4 Qxc2 23. Rxf8+ Rxf8
24. Bd4 Bf6 25. Bxf6 Rxf6 $17) 20... Bxa3 $3 {[%mdl 64] A surprising strike,
reminding Bronshtein's famous sacrifice against Mikenas} 21. O-O {More
stubborn than 21.Ra3} (21. Rxa3 Qxb2 22. Rxa7 Qb1+ 23. Kf2 Qxh1 $17) 21... Bxb2
22. Rad1 (22. Ra4 b5 23. Rb4 (23. Rxa7 Bd4 24. Ra3 (24. Bxd4 Qxd4+ 25. Qf2
Qxf2+ 26. Rxf2 Rd1+ 27. Rf1 Rxf1+ 28. Kxf1 Nxe4 $19) 24... Qc5 $19) 23... Bc3
24. Rb3 b4 $36) 22... Rxd1 23. Rxd1 a5 {Black is not only having an extra and
a passed pawn but his pieces also dominate the position} 24. Bc1 {White tries
to exchange black's active bishop} Bd4+ $19 25. Kh1 Nxe4 26. Qxe4 (26. fxe4 b5)
26... Qxe4 27. fxe4 b5 28. g3 e5 {The dominating position of the black pieces
is also felt in the endgame} 29. Bd2 b4 30. Be1 Rc8 0-1

[Event "EU-ch 1st"]
[Site "Saint Vincent"]
[Date "2000.07.14"]
[Round "11"]
[White "Tiviakov, Sergei"]
[Black "Conquest, Stuart"]
[Result "1-0"]
[WhiteElo "2608"]
[BlackElo "2529"]
[Annotator "Gofshtein,L"]
[PlyCount "101"]
[EventDate "2000.07.03"]
[EventType "swiss"]
[EventRounds "11"]
[EventCountry "ITA"]
[SourceTitle "CBM 078"]
[Source "ChessBase"]
[SourceDate "2000.10.18"]
[SourceVersion "1"]
[SourceVersionDate "2000.10.18"]
[SourceQuality "1"]

1. e4 {[%mdl 52]} c5 2. Nf3 d6 3. d4 cxd4 4. Nxd4 Nf6 5. Nc3 Nc6 6. Bg5 e6 7.
Qd2 Qb6 8. Nb3 a6 9. Bxf6 {another possibilities are:} (9. Be2 Qc7 (9... Be7
10. Bxf6 (10. g4 Qc7 11. Be3 b5 12. a3 Bb7 13. g5 $40 {1-0 Lechtynsky,J-Minev,
N/Luhacovice 1973/MCD (42)}) 10... gxf6 11. Bh5 $5 Ne5 12. O-O-O Bd7 13. Qe2
Rc8 14. Rd4 Qc7 15. f4 Nc4 $132 {1/2-1/2 Jensen,F-Jakobsen,O/Copenhagen 1968/
EXT 98 (25)}) (9... Bd7 10. O-O (10. O-O-O Rc8 11. f4 Qc7 12. Rhe1 Be7 13. Bf3
O-O 14. e5 dxe5 15. Bxf6 gxf6 16. Qxd7 exf4 17. Bxc6 bxc6 18. Qxc7 Rxc7 19. Rd4
$16 {1-0 Ilinca,A-Itkis,B/Baile Tusnad 1999/EXT 2000 (55)}) 10... Be7 11. Rad1
O-O 12. Kh1 Rad8 13. Bxf6 gxf6 14. Qh6 Kh8 $13 {0-1 Kholmov,R-Vasiukov,E/
Moscow 1995/EXT 2000 (40)}) 10. O-O b5 11. a4 b4 12. Bxf6 gxf6 13. Nd1 Bg7 14.
Ne3 O-O 15. a5 Rb8 16. f4 f5 $132 {1/2-1/2 Bebchuk,E-Vasiukov,E/St Ingbert
1994/GER (44)}) (9. Rd1 Be7 10. Be2 Qc7 11. O-O b5 12. a3 Bb7 13. f4 Rd8 $132 {
0-1 Szigetvari,J-Shtirberg,S/Kecskemet 1991/TD (39)}) (9. Bd3 h6 (9... Be7 10.
O-O-O Qc7 11. f4 O-O 12. h4 b5 13. h5 b4 14. Ne2 a5 15. h6 g6 16. Nbd4 $13 {
1-0 Vezzosi,P-Caposciutti,M/Montecatini Terme 1998/EXT 99 (49)}) 10. Be3 Qc7
11. h3 b5 12. O-O Ne5 13. Rad1 Nc4 14. Bxc4 bxc4 15. Nd4 Bb7 $132 {1/2-1/2
Goldenberg,D-Schleifer,M/Quebec 1997/CBM 58 ext (49)}) (9. f3 Be7 10. O-O-O Qc7
11. Kb1 Bd7 12. g4 Ne5 13. Nd4 b5 14. Bd3 Nc4 15. Qe1 O-O 16. h4 Rfc8 $132 {
1-0 Klovans,J-Bielczyk,J/Polanica Zdroj 1975/MCL (42)}) 9... gxf6 10. O-O-O Bd7
11. f4 h5 12. Be2 {[%cal Ye2h5]} O-O-O 13. Bf3 (13. Rhf1 $5 {with idea
Rf1-f3-h3}) 13... Ne5 14. Be2 Kb8 15. Kb1 Nc6 16. Rhf1 {[%cal Yf1f3,Yf3h3,
Yh3h5]} h4 17. Qe1 {[%csl Yh4][%cal Re1h4]} Rc8 18. Rf3 {[%cal Yf3h3,Yh3h4]}
Qa7 19. Rh3 Be7 20. Rxh4 Rxh4 21. Qxh4 $16 b5 22. a3 f5 23. Qg3 fxe4 24. Nxe4
Qc7 25. Qd3 Rd8 26. g3 Bc8 27. Qc3 Bb7 (27... d5 28. Nec5 d4 29. Qd2 e5 30.
fxe5 Nxe5 31. Ne4 Nc6 32. Ng5 $16 {[%csl Yd4][%cal Yb3d4,Yg5f3,Yf3d4]}) 28. Ng5
Bxg5 (28... Bf8 29. Qf6 $18) (28... Rf8 29. Qg7 $18) 29. fxg5 Ne5 (29... d5 30.
Qf6 $16) 30. Qd4 (30. Qxc7+ $5 Kxc7 31. h4 $16) 30... Bd5 31. Nc1 Rc8 (31...
Nf3 32. Bxf3 (32. Qe3 Nxh2 33. Nd3 Rc8 $132) 32... Bxf3 33. Re1 Rc8 34. Qd2 d5
35. Re3 $16) 32. c3 Qb7 33. Nd3 Nc4 34. Ka1 Bf3 (34... e5 35. Nxe5 $18) 35. Qf2
Be4 (35... Bxe2 36. Qxe2 e5 37. Nb4 $18) 36. Rf1 Nd2 (36... Nxa3 37. bxa3 Rxc3
38. Qd4 $18) 37. Rd1 Nb3+ 38. Ka2 Bd5 39. Nb4 Nd2+ 40. Ka1 Nb3+ 41. Ka2 Nd2+
42. Nxd5 Qxd5+ 43. c4 $18 bxc4 44. Qb6+ Ka8 45. Qxa6+ Kb8 46. Qb6+ Ka8 47. Bf3
Qxf3 48. Qa6+ Kb8 49. Qxd6+ Rc7 50. Qb6+ Kc8 51. Rxd2 1-0